| 000 | 00601nam a2200229Ia 4500 | ||
|---|---|---|---|
| 003 | OSt | ||
| 005 | 20220924152410.0 | ||
| 006 | a|||||r|||| 00| 0 | ||
| 007 | ta | ||
| 008 | 220923b |||||||| |||| 00| 0 mar d | ||
| 024 | _a342352 | ||
| 037 | _cTextual | ||
| 040 |
_aARTS _cARTS _bmar |
||
| 041 |
_2mar _amar |
||
| 082 | _aV2:51wM881, 155K4 | ||
| 100 |
_aSirdesai Waman Narhar _9226579 |
||
| 245 | 0 | _aMavanlankar ghanachaya itihas | |
| 260 | _c1964 | ||
| 650 | _aHISTORY | ||
| 942 |
_hV2:51wM881, 155K4 _cTEXL _2CC |
||
| 999 |
_c469706 _d469706 |
||